Vista normal Vista MARC

Entrada Topical Term

Número de registros utilizados en: 5

001 - CONTROL NUMBER

  • control field: 60495

003 - CONTROL NUMBER IDENTIFIER

  • control field: OSt

005 - DATE AND TIME OF LATEST TRANSACTION

  • control field: 20250624163757.0

008 - FIXED-LENGTH DATA ELEMENTS

  • fixed length control field: 250624|| aca||aabn | a|a d

040 ## - CATALOGING SOURCE

  • Original cataloging agency: OSt
  • Transcribing agency: OSt

150 ## - HEADING--TOPICAL TERM

  • Topical term or geographic name entry element: Literatura Juvenil Francesa
  • Chronological subdivision: Siglo XX

670 ## - SOURCE DATA FOUND

  • Source citation: Work cat.: (OSt)57376: Brisac, Genevieve 1951- 60491, Olga y los traidores









Instituto Departamental de Cultura del Meta - Red Departamental de Bibliotecas Públicas del Meta.